000
00303nam a22001217a 4500
020
_a
0-831-1001-5
082
_a
669 DEL'A
100
_a
DELOLLIS, NICHOLAS J
_9
78936
245
_a
ADHESIVES FOR METALS THEORY AND TECHNOLOGY
260
_a
NEWYORK
_b
INDUSTRIAL PRESS
_c
1970
300
_a
230P
942
_c
BK
999
_c
584007
_d
584007